000 00237nam a2200097Ia 4500
008 220204s9999 xx 000 0 und d
082 _a82-34(591)
_bFOL
245 0 _aFolk tales of Burma
260 _aNew Delhi
_bSterling
_c1976
942 _cBK
999 _c32472
_d32472